College algebra and trigonometry : (Record no. 3265)

MARC details
000 -LEADER
fixed length control field 01079cam a22003134a 4500
001 - CONTROL NUMBER
control field 15032480
003 - CONTROL NUMBER IDENTIFIER
control field 20170109125936.0
005 - DATE AND TIME OF LATEST TRANSACTION
control field 20240606080911.0
008 - FIXED-LENGTH DATA ELEMENTS--GENERAL INFORMATION
fixed length control field 071003s2009 maua 001 0 eng
010 ## - LIBRARY OF CONGRESS CONTROL NUMBER
LC control number 2007938672
020 ## - INTERNATIONAL STANDARD BOOK NUMBER
International Standard Book Number 9780618412907 (instructo'r annotated ed.)
020 ## - INTERNATIONAL STANDARD BOOK NUMBER
International Standard Book Number 0618412905 (instructo'r annotated ed.)
020 ## - INTERNATIONAL STANDARD BOOK NUMBER
International Standard Book Number 9780618412891 (student text)
020 ## - INTERNATIONAL STANDARD BOOK NUMBER
International Standard Book Number 0618412891 (student text)
040 ## - CATALOGING SOURCE
Original cataloging agency DLC
Transcribing agency DLC
Modifying agency DLC
050 00 - LIBRARY OF CONGRESS CALL NUMBER
Classification number QA154.3
Item number .N37 2009
082 00 - DEWEY DECIMAL CLASSIFICATION NUMBER
Classification number 512.9
Edition information 22
100 1# - MAIN ENTRY--PERSONAL NAME
Personal name Narasimhan, Revathi.
245 10 - TITLE STATEMENT
Title College algebra and trigonometry :
Remainder of title building concepts and connections /
250 ## - EDITION STATEMENT
Edition statement Instructor's annotated ed.
260 ## - PUBLICATION, DISTRIBUTION, ETC.
Place of publication, distribution, etc. Boston :
Name of publisher, distributor, etc. Houghton Mifflin,
Date of publication, distribution, etc. c2009.
300 ## - PHYSICAL DESCRIPTION
Extent xxix, 970, 27, 86, 150, 8 p. :
Other physical details ill. (some col.) ;
Dimensions 27 cm.
500 ## - GENERAL NOTE
General note Includes indexes.
650 #0 - SUBJECT ADDED ENTRY--TOPICAL TERM
Topical term or geographic name entry element Algebra
Form subdivision Textbooks.
650 #0 - SUBJECT ADDED ENTRY--TOPICAL TERM
Topical term or geographic name entry element Trigonometry
Form subdivision Textbooks.
906 ## - LOCAL DATA ELEMENT F, LDF (RLIN)
a 7
b cbc
c orignew
d 2
e epcn
f 20
g y-gencatlg
942 ## - ADDED ENTRY ELEMENTS (KOHA)
Source of classification or shelving scheme Library of Congress Classification
Koha item type Books
Holdings
Withdrawn status Lost status Source of classification or shelving scheme Damaged status Not for loan Home library Current library Date acquired Total checkouts Total renewals Full call number Barcode Date last seen Date last checked out Price effective from Koha item type
    Library of Congress Classification     Murang'a University of Technology Library Murang'a University of Technology Library 09/01/2017 1 1 QA154.3 .N37 2009 003495 30/08/2024 17/01/2017 09/01/2017 Books